01191nam a2200349 b 4500001001000000003000900010005001700019007000300036008002800039017000900067020001600076035000600092040003000098082002800128100003600156245006200192264007600254300004500330336002800375337003500403338003100438586000600469590002600475650003100501650002600532650002900558650002400587910004000611942001200651952016300663999001500826 00302480DO-SdBPM20250703111751.0ta921221s1988 pr | ||spa d a b  a08658140090 a  aDO-SdBPMbspacBPMSUerda 4aPr861.6bF314i 19882221 aFelicino Mendoza, Estereautor 10aIslamar :bpoemas y cuentos /cEster Feliciano Mendozah  aSan Juan de Puerto Rico : bInstituto de Cultura Puertoriqueña,c1988 a96 páginas : bilustraciones ;c26 cm atextobtxt2rdacontent  asin mediación bn2rdamedia  avolument bnc2rdacarrier  a  aInventariado, 2025/VM 7aPoesía puertorriqueña  7aAnimales vPoesías. 7aCuento puertorriqueño  7aAnimales vcuentos  aVMateo V. Control de calidad. BPMSU 2ddccBK 00102ddc708CI-GaBPMETbBPMETd2016-04-18eInstituto de Cultura Puertoriqueñal0oBPMSU CGI Pr861.6 F314i 1988pBPMSU18020255r2016-04-18w2016-04-18yBK c9811d9811